Flywheel: transformational leadership coaching for sustainable change/
Պահպանված է:
| Հիմնական հեղինակ: | |
|---|---|
| Ձևաչափ: | Գիրք |
| Լեզու: | անգլերեն |
| Հրապարակվել է: |
Corwin,
2013.
|
| Ցուցիչներ: |
Ավելացրեք ցուցիչ
Չկան պիտակներ, Եղեք առաջինը, ով նշում է այս գրառումը!
|
MARC
| LEADER | 00000nam a22000007a 4500 | ||
|---|---|---|---|
| 008 | 210818b ||||| |||| 00| 0 eng d | ||
| 020 | |a ISBN: 978-1-4522-6091-4 | ||
| 100 | |a ALLISON-NAPOLITANO, Elle | ||
| 245 | |a Flywheel: transformational leadership coaching for sustainable change/ |c Elle Allison-Napolitano.- |g . xiii, 156p. ill. | ||
| 260 | |b Corwin, |c 2013. |h Thousand Oaks, California: |i 692330 – ADM. |i 692331 |l HD30.4 .Al5 |m 1. Executive coaching. |m 2. Leadership – Study and teaching |m I. Title. | ||
| 500 | |a “It includes index and references” | ||
| 942 | |a lcc |c BK |e j. o. ifatola |f 18/ 08/ 2021 | ||
| 952 | |0 0 |1 0 |2 lcc |4 0 |6 HD00304 A L5 |7 0 |9 3112 |a MPL |b HOL |d 2021-08-18 |l 0 |o HD30.4 .Al5 |p 2021-66810 |r 2021-08-18 00:00:00 |w 2021-08-18 |y BK | ||
| 952 | |0 0 |1 0 |2 lcc |4 0 |6 HD00304 A L5 |7 0 |9 3113 |a MPL |b HOL |d 2021-08-18 |l 0 |o HD30.4 .Al5 |p 2021-66811 |r 2021-08-18 00:00:00 |w 2021-08-18 |y BK | ||
| 999 | |c 1577 |d 1577 | ||